[Event "Doeberl Cup 61st"]
[Site "Canberra"]
[Date "2024.03.28"]
[Round "2"]
[White "Chen, Peng"]
[Black "Koh, Cedric"]
[Result "1-0"]
[WhiteElo "2450"]
[BlackElo "2014"]
[PlyCount "69"]
[EventDate "2024.03.28"]
[EventType "swiss"]
[EventRounds "9"]
[EventCountry "AUS"]
[SourceTitle "CB14_2024"]
[SourceDate "2024.04.01"]
[SourceVersion "1"]
[SourceVersionDate "2024.04.01"]
[SourceQuality "1"]

1. e4 e5 2. Nc3 Nf6 3. Nf3 Nc6 4. a3 d5 5. Bb5 Nxe4 6. Qe2 Nxc3 7. Qxe5+ Qe7 8. dxc3 Bd7 9. Qe2 Qxe2+ 10. Bxe2 0-0-0 11. Be3 Bf5 12. 0-0-0 Be7 13. Bb5 f6 14. Bxc6 bxc6 15. Bxa7 c5 16. b4 Bg4 17. Rd3 Kb7 18. Bxc5 Bxc5 19. bxc5 Bxf3 20. Rxf3 Ra8 21. Re1 Rxa3 22. Re7 g6 23. Rxf6 Rxc3 24. Rb6+ Kc8 25. Rc6 Rf8 26. Rcxc7+ Kb8 27. Rb7+ Ka8 28. Ra7+ Kb8 29. Reb7+ Kc8 30. Rxh7 Kb8 31. Rhb7+ Kc8 32. Ra8+ Kxb7 33. Rxf8 Rxc5 34. Rf7+ Kc8 35. Rf6 1-0

[Event "Budapest FS05 GM"]
[Site "Budapest"]
[Date "2023.05.09"]
[Round "4"]
[White "Woodward, Andy"]
[Black "Chen, Peng"]
[Result "1-0"]
[WhiteElo "2436"]
[BlackElo "2423"]
[PlyCount "69"]
[EventDate "2023.05.06"]
[EventType "tourn"]
[EventRounds "9"]
[EventCountry "HUN"]
[SourceTitle "CBM 214 Extra"]
[Source "ChessBase"]
[SourceDate "2023.07.31"]
[SourceVersion "1"]
[SourceVersionDate "2023.07.31"]
[SourceQuality "1"]

1. d4 Nf6 2. c4 e6 3. Nf3 c5 4. d5 exd5 5. cxd5 d6 6. Nc3 g6 7. h3 Bg7 8. e4 0-0 9. Be3 Re8 10. Nd2 a6 11. a4 Nxe4 12. Ncxe4 f5 13. Be2 fxe4 14. Nc4 a5 15. Bf4 Na6 16. Nxd6 Rf8 17. Bg3 e3 18. 0-0 exf2+ 19. Kh1 Bd7 20. Bc4 Qg5 21. Qb3 Qh6 22. Bxf2 Be5 23. Ne4 Rf4 24. d6+ Kh8 25. Qxb7 Rd8 26. Kg1 Nb4 27. Qc7 Nc6 28. Bd5 Rg4 29. Ng3 Rxg3 30. Bxc6 Rxg2+ 31. Bxg2 Qg5 32. h4 Qf6 33. Bg3 Bd4+ 34. Kh2 Bf5 35. Qe7 1-0

[Event "Budapest FS05 GM"]
[Site "Budapest"]
[Date "2023.05.08"]
[Round "3"]
[White "Chen, Peng"]
[Black "Varga, Zoltan"]
[Result "1-0"]
[WhiteElo "2423"]
[BlackElo "2394"]
[PlyCount "47"]
[EventDate "2023.05.06"]
[EventType "tourn"]
[EventRounds "9"]
[EventCountry "HUN"]
[SourceTitle "CBM 214 Extra"]
[Source "ChessBase"]
[SourceDate "2023.07.31"]
[SourceVersion "1"]
[SourceVersionDate "2023.07.31"]
[SourceQuality "1"]

1. e4 Nf6 2. e5 Nd5 3. c4 Nb6 4. d4 d6 5. f4 dxe5 6. fxe5 c5 7. d5 g6 8. Bf4 Bg7 9. a4 g5 10. Bxg5 Bxe5 11. a5 N6d7 12. Nf3 Bxb2 13. Ra2 Bf6 14. Bd3 h6 15. Bxf6 Nxf6 16. 0-0 Bg4 17. Qe1 Bxf3 18. Rxf3 Qd6 19. Nc3 a6 20. Re2 Kd8 21. Ne4 Nxe4 22. Rxe4 e5 23. Qh4+ Kc7 24. Rf6 1-0

[Event "Budapest FS05 GM"]
[Site "Budapest"]
[Date "2023.05.07"]
[Round "2"]
[White "Jinan, Jomon"]
[Black "Chen, Peng"]
[Result "0-1"]
[WhiteElo "2432"]
[BlackElo "2423"]
[PlyCount "90"]
[EventDate "2023.05.06"]
[EventType "tourn"]
[EventRounds "9"]
[EventCountry "HUN"]
[SourceTitle "CBM 214 Extra"]
[Source "ChessBase"]
[SourceDate "2023.07.31"]
[SourceVersion "1"]
[SourceVersionDate "2023.07.31"]
[SourceQuality "1"]

1. c4 Nf6 2. Nf3 e6 3. e3 b6 4. Nc3 Bb7 5. b3 g6 6. Bb2 Bg7 7. d4 0-0 8. Bd3 c5 9. 0-0 Qe7 10. Re1 Rd8 11. e4 cxd4 12. Nxd4 d6 13. Bf1 Nbd7 14. g3 Nc5 15. Bg2 a6 16. Qe2 Qc7 17. Rac1 Re8 18. b4 Ncd7 19. Na4 Rac8 20. Nb3 Qc6 21. b5 Qc7 22. Red1 Qb8 23. Nd4 Qa8 24. Nc3 a5 25. Nc6 Bf8 26. Ba3 e5 27. Bh3 Bxc6 28. bxc6 Rxc6 29. Nd5 Rd8 30. Rb1 Kg7 31. f4 Re8 32. Rf1 Kg8 33. Bb2 Qd8 34. Qf3 Nxd5 35. fxe5 N5f6 36. exf6 Rxc4 37. Rbe1 Nc5 38. e5 dxe5 39. Rxe5 Rc2 40. Rd1 Qb8 41. Qe3 Rxe5 42. Bxe5 Qe8 43. Bf4 Ne4 44. Bd7 Qa8 45. Rd4 Bc5 0-1

[Event "Sunway Formentera op 2nd"]
[Site "Sant Ferran de ses Roques"]
[Date "2023.04.27"]
[Round "9"]
[White "Raja, Rithvik R"]
[Black "Chen, Peng"]
[Result "0-1"]
[WhiteElo "2472"]
[BlackElo "2425"]
[PlyCount "64"]
[EventDate "2023.04.18"]
[EventType "swiss"]
[EventRounds "10"]
[EventCountry "ESP"]
[SourceTitle "CBM 213 Extra"]
[Source "ChessBase"]
[SourceDate "2023.05.31"]
[SourceVersion "1"]
[SourceVersionDate "2023.05.31"]
[SourceQuality "1"]

1. d4 Nf6 2. c4 c5 3. d5 e6 4. Nc3 exd5 5. cxd5 d6 6. e4 g6 7. Nge2 Bg7 8. Ng3 a6 9. a4 h5 10. Be2 Qe7 11. 0-0 h4 12. Nh1 h3 13. g3 Nxe4 14. Nxe4 Qxe4 15. Bf3 Qe7 16. Re1 Be5 17. Bg4 Bxg4 18. Qxg4 Qd7 19. Qf3 Kf8 20. Be3 Qe7 21. Qg4 Nd7 22. f4 Bxb2 23. Rab1 Bc3 24. Bd2 Bd4+ 25. Kf1 Nf6 26. Qf3 Qd7 27. Bc3 Qxa4 28. Bxd4 Qc4+ 29. Re2 cxd4 30. Nf2 Re8 31. Nd3 Rxe2 32. Qxe2 Qxd5 0-1

[Event "Sunway Formentera op 2nd"]
[Site "Sant Ferran de ses Roques"]
[Date "2023.04.26"]
[Round "8"]
[White "Chen, Peng"]
[Black "Mendonca, Leon Luke"]
[Result "1/2-1/2"]
[WhiteElo "2425"]
[BlackElo "2596"]
[PlyCount "110"]
[EventDate "2023.04.18"]
[EventType "swiss"]
[EventRounds "10"]
[EventCountry "ESP"]
[SourceTitle "CBM 213 Extra"]
[Source "ChessBase"]
[SourceDate "2023.05.31"]
[SourceVersion "1"]
[SourceVersionDate "2023.05.31"]
[SourceQuality "1"]

1. e4 e6 2. d4 d5 3. exd5 exd5 4. Nf3 Nf6 5. Bd3 c5 6. 0-0 c4 7. Re1+ Be7 8. Bf1 0-0 9. b3 cxb3 10. axb3 Nc6 11. Ne5 Ne4 12. Nxc6 bxc6 13. Bd3 Bd6 14. Bxe4 dxe4 15. Rxe4 Bf5 16. Re3 Qh4 17. g3 Qf6 18. Ba3 Rad8 19. Bxd6 Rxd6 20. Ra4 h6 21. Nc3 Qg6 22. Ra2 Rfd8 23. Ne2 c5 24. c3 Qf6 25. Ra5 cxd4 26. Nxd4 Rxd4 27. cxd4 Rxd4 28. Qf3 Be4 29. Qxe4 Rxe4 30. Rxe4 Qb6 31. Ra3 Qc5 32. Ra1 Qc3 33. Rb1 Qc2 34. Ree1 a5 35. Rec1 Qa2 36. Ra1 Qxb3 37. Rxa5 Qb7 38. Ra4 Qd7 39. Rac4 Qd5 40. Rf4 Qb7 41. h4 Qe7 42. Kh2 Kh7 43. Rc3 Qd7 44. Rcf3 f6 45. Rf5 Qe6 46. Rc5 Qe7 47. Rc2 Qe4 48. Rfc3 h5 49. Rd2 Qe1 50. Rdc2 Qf1 51. Rf3 Kg6 52. Rf4 Kh6 53. Rc7 Kg6 54. g4 Qe2 55. gxh5+ Qxh5 1/2-1/2

[Event "Sunway Formentera op 2nd"]
[Site "Sant Ferran de ses Roques"]
[Date "2023.04.22"]
[Round "5"]
[White "Xu, Yi"]
[Black "Chen, Peng"]
[Result "1/2-1/2"]
[WhiteElo "2505"]
[BlackElo "2425"]
[PlyCount "49"]
[EventDate "2023.04.18"]
[EventType "swiss"]
[EventRounds "10"]
[EventCountry "ESP"]
[SourceTitle "CBM 213 Extra"]
[Source "ChessBase"]
[SourceDate "2023.05.31"]
[SourceVersion "1"]
[SourceVersionDate "2023.05.31"]
[SourceQuality "1"]

1. e4 e5 2. Nc3 Nf6 3. f4 d5 4. fxe5 Nxe4 5. Qf3 Nxc3 6. bxc3 Be7 7. d4 0-0 8. Bd3 f6 9. Qh5 g6 10. Bxg6 hxg6 11. Qxg6+ Kh8 12. Qh6+ Kg8 13. Qg6+ Kh8 14. Nf3 Qe8 15. Qh6+ Kg8 16. 0-0 fxe5 17. Ba3 Bxa3 18. Nxe5 Rxf1+ 19. Rxf1 Bf8 20. Rxf8+ Qxf8 21. Qg6+ Qg7 22. Qe8+ Qf8 23. Qg6+ Qg7 24. Qe8+ Qf8 25. Qg6+ 1/2-1/2

[Event "Sunway Formentera op 2nd"]
[Site "Sant Ferran de ses Roques"]
[Date "2023.04.21"]
[Round "4"]
[White "Chen, Peng"]
[Black "Mahitosh, Dey"]
[Result "1-0"]
[WhiteElo "2425"]
[BlackElo "2154"]
[PlyCount "75"]
[EventDate "2023.04.18"]
[EventType "swiss"]
[EventRounds "10"]
[EventCountry "ESP"]
[SourceTitle "CBM 213 Extra"]
[Source "ChessBase"]
[SourceDate "2023.05.31"]
[SourceVersion "1"]
[SourceVersionDate "2023.05.31"]
[SourceQuality "1"]

1. e4 e5 2. Nc3 Nc6 3. g3 Nf6 4. Bg2 Bc5 5. Nge2 a6 6. 0-0 d6 7. d3 h6 8. h3 Be6 9. Nd5 Nd4 10. Nxd4 Bxd4 11. c3 Ba7 12. Ne3 Qd7 13. Kh2 0-0-0 14. f4 exf4 15. gxf4 Qe7 16. d4 g5 17. Qf3 g4 18. hxg4 c6 19. e5 dxe5 20. fxe5 Nd5 21. Nxd5 cxd5 22. Bh3 Rdg8 23. Be3 Rg6 24. c4 Qd7 25. Bg2 dxc4 26. d5 Bxg4 27. Qe4 Bxe3 28. Qxe3 Kb8 29. Qf4 Ka8 30. Qxf7 Rhg8 31. Qxd7 Bxd7 32. Rf2 Rg5 33. e6 Be8 34. Rd1 Kb8 35. d6 Bc6 36. Bh3 Rh5 37. e7 Ka7 38. d7 1-0

[Event "Paracin IM 2nd"]
[Site "Paracin"]
[Date "2019.07.18"]
[Round "8"]
[White "Pikula, Dejan"]
[Black "Chen, Peng"]
[Result "0-1"]
[WhiteElo "2447"]
[BlackElo "2328"]
[PlyCount "84"]
[EventDate "2019.07.13"]
[EventType "tourn"]
[EventRounds "9"]
[EventCountry "SRB"]
[EventCategory "2"]
[SourceTitle "CBM 191 Extra"]
[Source "ChessBase"]
[SourceDate "2019.09.30"]
[SourceVersion "1"]
[SourceVersionDate "2019.09.30"]
[SourceQuality "1"]

1. e4 c5 2. Nf3 d6 3. d4 cxd4 4. Nxd4 Nf6 5. Nc3 a6 6. Be3 e6 7. f3 b5 8. Qd2 Nbd7 9. a3 Bb7 10. g4 Nb6 11. 0-0-0 Nfd7 12. Kb1 Rc8 13. h4 Ne5 14. Qe1 Nec4 15. Bxc4 Nxc4 16. Bc1 Qc7 17. Nde2 Qc5 18. Qg1 b4 19. Qxc5 dxc5 20. axb4 cxb4 21. Na2 a5 22. b3 Na3+ 23. Bxa3 bxa3 24. c4 a4 25. bxa4 Ba6 26. Nec3 Bxc4 27. Nb5 Be7 28. Nd6+ Bxd6 29. Rxd6 Be2 30. Re1 Bxf3 31. Rd3 Bxg4 32. Rxa3 0-0 33. Nc3 f5 34. exf5 exf5 35. Nd5 Rb8+ 36. Ka1 f4 37. Rf1 f3 38. Rf2 Rbe8 39. Ne3 Bc8 40. Nc2 Bb7 41. a5 Re6 42. Kb2 Rg6 0-1

[Event "Paracin IM 2nd"]
[Site "Paracin"]
[Date "2019.07.17"]
[Round "6"]
[White "Liu, Zhaoqi"]
[Black "Chen, Peng"]
[Result "1/2-1/2"]
[WhiteElo "2386"]
[BlackElo "2328"]
[PlyCount "32"]
[EventDate "2019.07.13"]
[EventType "tourn"]
[EventRounds "9"]
[EventCountry "SRB"]
[EventCategory "2"]
[SourceTitle "CBM 191 Extra"]
[Source "ChessBase"]
[SourceDate "2019.09.30"]
[SourceVersion "1"]
[SourceVersionDate "2019.09.30"]
[SourceQuality "1"]

1. Nf3 Nf6 2. d4 d5 3. c4 c6 4. cxd5 cxd5 5. Nc3 Nc6 6. Bf4 Bf5 7. e3 e6 8. Bd3 Bxd3 9. Qxd3 a6 10. a3 Bd6 11. Bxd6 Qxd6 12. h3 0-0 13. 0-0 Rfc8 14. Rfc1 h6 15. Ne2 Ne4 16. Nc3 Nf6 1/2-1/2

[Event "Paracin IM 2nd"]
[Site "Paracin"]
[Date "2019.07.14"]
[Round "2"]
[White "Raghavi, Nagarajan"]
[Black "Chen, Peng"]
[Result "0-1"]
[WhiteElo "2290"]
[BlackElo "2328"]
[PlyCount "58"]
[EventDate "2019.07.13"]
[EventType "tourn"]
[EventRounds "9"]
[EventCountry "SRB"]
[EventCategory "2"]
[SourceTitle "CBM 191 Extra"]
[Source "ChessBase"]
[SourceDate "2019.09.30"]
[SourceVersion "1"]
[SourceVersionDate "2019.09.30"]
[SourceQuality "1"]

1. e4 c5 2. Nf3 d6 3. Nc3 Nf6 4. e5 dxe5 5. Nxe5 a6 6. g3 Qc7 7. d4 cxd4 8. Qxd4 Nc6 9. Nxc6 Qxc6 10. Bg5 e5 11. Qxe5+ Be6 12. 0-0-0 Be7 13. Bd3 Rc8 14. Kb1 h6 15. Bc1 0-0 16. Bf5 Bb4 17. Bxe6 fxe6 18. f4 Bxc3 19. Qxc3 Qxc3 20. bxc3 Ne4 21. Rd4 Nxc3+ 22. Kb2 Rf5 23. Rb4 b5 24. Be3 a5 25. Rb3 b4 26. a3 Rd5 27. axb4 axb4 28. Re1 Rc4 29. Bb6 Na4+ 0-1

[Event "Belgrade Summer GM 2nd"]
[Site "Belgrade"]
[Date "2019.06.30"]
[Round "10"]
[White "Chen, Peng"]
[Black "Strikovic, Aleksa"]
[Result "1-0"]
[WhiteElo "2328"]
[BlackElo "2503"]
[PlyCount "37"]
[EventDate "2019.06.24"]
[EventType "tourn"]
[EventRounds "11"]
[EventCountry "SRB"]
[EventCategory "6"]
[SourceTitle "CBM 191 Extra"]
[Source "ChessBase"]
[SourceDate "2019.09.30"]
[SourceVersion "1"]
[SourceVersionDate "2019.09.30"]
[SourceQuality "1"]

1. e4 c5 2. Nf3 e6 3. d4 cxd4 4. Nxd4 a6 5. Bd3 Nf6 6. 0-0 d6 7. Kh1 Nbd7 8. f4 Qc7 9. Nc3 b6 10. Qf3 Bb7 11. Bd2 Be7 12. Rae1 0-0 13. Qh3 Qc5 14. e5 Qxd4 15. Be3 Qb4 16. a3 Qxb2 17. exf6 Nxf6 18. Bd4 g6 19. Ra1 1-0

[Event "Belgrade Summer GM 2nd"]
[Site "Belgrade"]
[Date "2019.06.29"]
[Round "9"]
[White "Damljanovic, Branko"]
[Black "Chen, Peng"]
[Result "1-0"]
[WhiteElo "2468"]
[BlackElo "2328"]
[PlyCount "113"]
[EventDate "2019.06.24"]
[EventType "tourn"]
[EventRounds "11"]
[EventCountry "SRB"]
[EventCategory "6"]
[SourceTitle "CBM 191 Extra"]
[Source "ChessBase"]
[SourceDate "2019.09.30"]
[SourceVersion "1"]
[SourceVersionDate "2019.09.30"]
[SourceQuality "1"]

1. Nf3 Nf6 2. c4 g6 3. Nc3 Bg7 4. e4 0-0 5. d4 d6 6. Be2 c5 7. 0-0 Bg4 8. d5 Na6 9. h3 Bxf3 10. Bxf3 Nd7 11. Be2 Nc7 12. Qc2 Rb8 13. Bd2 e6 14. Rae1 exd5 15. exd5 f5 16. g3 Nf6 17. Kg2 Qd7 18. f3 Kh8 19. a4 Na6 20. Na2 Rbe8 21. Bd1 Rxe1 22. Rxe1 Re8 23. Rxe8+ Qxe8 24. g4 fxg4 25. hxg4 Kg8 26. b3 Nd7 27. f4 Bd4 28. Qd3 Bg7 29. Qe2 Qxe2+ 30. Bxe2 h6 31. Bd3 Kf7 32. Bb1 Nc7 33. Nc1 b6 34. Ne2 a5 35. Ng1 Na6 36. Nf3 Nab8 37. g5 Nf8 38. f5 hxg5 39. Nxg5+ Kf6 40. Ne6 Nxe6 41. fxe6 Ke7 42. Bxg6 Bf6 43. Kf3 Na6 44. Kg4 Nc7 45. Bh6 Na6 46. Kh5 Nc7 47. Bf7 Kd8 48. Kg6 Be7 49. Kg7 Bh4 50. Bg6 Ke7 51. Bh5 Nxe6+ 52. dxe6 Kxe6 53. Bf3 Be1 54. Kf8 Ke5 55. Be3 Bh4 56. Ke8 Be1 57. Kd7 1-0

[Event "Belgrade Summer GM 2nd"]
[Site "Belgrade"]
[Date "2019.06.26"]
[Round "4"]
[White "Chen, Peng"]
[Black "Batsuren, Dambasuren"]
[Result "1/2-1/2"]
[WhiteElo "2328"]
[BlackElo "2439"]
[PlyCount "186"]
[EventDate "2019.06.24"]
[EventType "tourn"]
[EventRounds "11"]
[EventCountry "SRB"]
[EventCategory "6"]
[SourceTitle "CBM 191 Extra"]
[Source "ChessBase"]
[SourceDate "2019.09.30"]
[SourceVersion "1"]
[SourceVersionDate "2019.09.30"]
[SourceQuality "1"]

1. c4 Nf6 2. Nc3 e6 3. e4 d5 4. cxd5 exd5 5. e5 Ne4 6. Nf3 Bf5 7. Be2 Be7 8. 0-0 0-0 9. Qb3 Nxc3 10. dxc3 b6 11. Rd1 c6 12. c4 Be6 13. Nd4 Bc5 14. Qg3 Bxd4 15. Rxd4 f6 16. cxd5 cxd5 17. exf6 Qxf6 18. Rf4 Qe7 19. Rxf8+ Qxf8 20. Be3 Nd7 21. Bd4 Rc8 22. Ba6 Re8 23. Bb5 Rc8 24. Re1 Nc5 25. f3 Bf7 26. Qg4 h5 27. Qf5 a6 28. Bf1 Rc6 29. Rd1 a5 30. Re1 Ne6 31. Bf2 Nc5 32. Bh4 d4 33. Bb5 Re6 34. Rd1 Rd6 35. b3 Rd5 36. Qb1 d3 37. Bf2 Rd8 38. Kf1 Bg6 39. a3 Kh7 40. b4 axb4 41. axb4 Ne6 42. Bxb6 Rd6 43. Bc5 Nxc5 44. bxc5 Rd5 45. Bc4 Rd4 46. Bxd3 Rxd3 47. Rxd3 Qxc5 48. Qb3 Bxd3+ 49. Qxd3+ g6 50. Qd7+ Kh6 51. Qd2+ Kh7 52. g3 Qc6 53. Kg2 Qb7 54. Qe2 Qd7 55. h4 Qd6 56. Kh3 Qd7+ 57. g4 hxg4+ 58. fxg4 Qb7 59. Qe3 Kg7 60. Qc3+ Kh7 61. Qe3 Kg7 62. Kg3 Qc7+ 63. Qf4 Qc3+ 64. Qf3 Qc7+ 65. Kh3 Qd7 66. Qe4 Qc7 67. Qd4+ Kh7 68. Qe3 Qb7 69. Qf2 Qb3+ 70. Qg3 Qb7 71. Qe3 Kg7 72. Qc3+ Kh7 73. Kg3 Qb8+ 74. Kg2 Qb7+ 75. Qf3 Qd7 76. Qe4 Qd2+ 77. Kg3 Qc3+ 78. Qf3 Qc7+ 79. Kh3 Qd7 80. Qe4 Kg7 81. h5 gxh5 82. Qe5+ Kg8 83. Qg5+ Kf8 84. Qf6+ Kg8 85. Qg6+ Kf8 86. Qxh5 Qd3+ 87. Kh4 Qd8+ 88. Kg3 Qd3+ 89. Kf4 Qd4+ 90. Kf5 Qd5+ 91. Kg6 Qe6+ 92. Kg5 Kg7 93. Kh4 Qe4 1/2-1/2

[Event "Belgrade Summer GM 2nd"]
[Site "Belgrade"]
[Date "2019.06.25"]
[Round "2"]
[White "Chen, Peng"]
[Black "Ernst, Sipke"]
[Result "1/2-1/2"]
[WhiteElo "2328"]
[BlackElo "2541"]
[PlyCount "128"]
[EventDate "2019.06.24"]
[EventType "tourn"]
[EventRounds "11"]
[EventCountry "SRB"]
[EventCategory "6"]
[SourceTitle "CBM 191 Extra"]
[Source "ChessBase"]
[SourceDate "2019.09.30"]
[SourceVersion "1"]
[SourceVersionDate "2019.09.30"]
[SourceQuality "1"]

1. e4 e5 2. Nf3 Nc6 3. Bb5 a6 4. Ba4 Nf6 5. d4 exd4 6. 0-0 Be7 7. e5 Ne4 8. Nxd4 0-0 9. Nf5 Nc5 10. Qg4 g6 11. Bxc6 dxc6 12. Nxe7+ Qxe7 13. Qg3 Re8 14. Re1 Bf5 15. Nc3 Ne6 16. Ne4 Bxe4 17. Rxe4 Qc5 18. c3 Rad8 19. Bg5 Nxg5 20. Qxg5 f5 21. Re3 Rd2 22. h4 Qe7 23. Rb1 Qxg5 24. hxg5 Kf7 25. Kf1 Ke6 26. f4 Red8 27. Re2 a5 28. Rbe1 R2d5 29. Kf2 a4 30. a3 R8d7 31. Rc1 b6 32. Rh1 Rc5 33. g3 Rcd5 34. Rhe1 c5 35. Rh1 c4 36. Rhe1 b5 37. Rh1 Rd3 38. Rhe1 c5 39. Re3 Rd2+ 40. R3e2 R2d5 41. Rc1 Rb7 42. Rcc2 Rd3 43. Rc1 Rc7 44. Re3 Rd2+ 45. Re2 Rd5 46. Rec2 Rd3 47. Re2 Rb7 48. Re3 Rd8 49. Re2 Rbd7 50. Kf3 Rd3+ 51. Kf2 R8d7 52. Rce1 b4 53. axb4 cxb4 54. cxb4 Rb3 55. Rc1 Rxb4 56. Rc3 Rd4 57. Rcc2 Rd3 58. Red2 Kd5 59. Re2 Rb6 60. e6 Rxe6 61. Rxe6 Kxe6 62. Rxc4 Rd2+ 63. Kf3 Rxb2 64. Rxa4 Rb3+ 1/2-1/2

[Event "CHN Team"]
[Site "Beijing"]
[Date "2017.06.09"]
[Round "4.3"]
[White "Chen, Peng"]
[Black "Liu, Zhaoqi"]
[Result "1/2-1/2"]
[WhiteElo "2311"]
[BlackElo "2151"]
[PlyCount "62"]
[EventDate "2017.06.06"]
[EventType "team-swiss"]
[EventRounds "9"]
[EventCountry "CHN"]
[SourceTitle "CBM 178 Extra"]
[Source "ChessBase"]
[SourceDate "2017.06.22"]
[SourceVersion "1"]
[SourceVersionDate "2017.06.22"]
[SourceQuality "1"]
[WhiteTeam "Shanghai"]
[BlackTeam "Hebei"]
[WhiteTeamCountry "CHN"]
[BlackTeamCountry "CHN"]

1. e4 e6 2. d4 d5 3. Nc3 Bb4 4. Bd3 dxe4 5. Bxe4 Nf6 6. Bf3 0-0 7. Nge2 e5 8. 0-0 Bxc3 9. Nxc3 exd4 10. Ne2 c5 11. b4 cxb4 12. Nxd4 Nc6 13. Nxc6 bxc6 14. Qxd8 Rxd8 15. Bxc6 Ba6 16. Bxa8 Bxf1 17. Bf3 Bc4 18. a3 a5 19. axb4 axb4 20. Ra4 Nd5 21. h3 h6 22. Bd2 b3 23. cxb3 Bxb3 24. Rd4 Rd7 25. Be3 Nf6 26. Rxd7 Nxd7 27. Bd4 Nf8 28. Bg4 Ne6 29. Bxe6 Bxe6 30. f4 f5 31. Kf2 Kf7 1/2-1/2

[Event "North American op 26th"]
[Site "Las Vegas"]
[Date "2016.12.28"]
[Round "6"]
[White "Sheng, Joshua"]
[Black "Chen, Peng"]
[Result "1-0"]
[WhiteElo "2394"]
[BlackElo "2297"]
[PlyCount "81"]
[EventDate "2016.12.26"]
[EventType "swiss"]
[EventRounds "9"]
[EventCountry "USA"]
[SourceTitle "CBM 176 Extra"]
[Source "ChessBase"]
[SourceDate "2017.03.02"]
[SourceVersion "1"]
[SourceVersionDate "2017.03.02"]
[SourceQuality "1"]

1. e4 c5 2. Nf3 d6 3. d4 cxd4 4. Nxd4 Nf6 5. Nc3 a6 6. Bg5 e6 7. f4 h6 8. Bh4 Be7 9. Qf3 Qc7 10. 0-0-0 Nbd7 11. Be2 g5 12. fxg5 Ne5 13. Qe3 Nfg4 14. Qd2 Rg8 15. Bxg4 Nxg4 16. Nf3 Ne5 17. g6 Rxg6 18. Bxe7 Qxe7 19. Qxd6 Qxd6 20. Rxd6 Nxf3 21. gxf3 Bd7 22. Nd1 Bb5 23. Rd2 Rd8 24. Ne3 Rc8 25. Re1 Rf6 26. Rf2 Bc6 27. Ng4 Rg6 28. Kd2 f6 29. b3 Rd8+ 30. Kc1 h5 31. Ne3 Kf7 32. Rg2 Rxg2 33. Nxg2 f5 34. Nf4 h4 35. exf5 exf5 36. Nd3 Kf6 37. Ne5 Be8 38. f4 Rd4 39. Rf1 Bh5 40. c3 Re4 41. Rf2 1-0

[Event "North American op 26th"]
[Site "Las Vegas"]
[Date "2016.12.27"]
[Round "3"]
[White "Panchanatham, Vignesh"]
[Black "Chen, Peng"]
[Result "1/2-1/2"]
[WhiteElo "2381"]
[BlackElo "2297"]
[PlyCount "98"]
[EventDate "2016.12.26"]
[EventType "swiss"]
[EventRounds "9"]
[EventCountry "USA"]
[SourceTitle "CBM 176 Extra"]
[Source "ChessBase"]
[SourceDate "2017.03.02"]
[SourceVersion "1"]
[SourceVersionDate "2017.03.02"]
[SourceQuality "1"]

1. d4 Nf6 2. c4 e6 3. Nf3 b6 4. g3 Bb7 5. Bg2 c5 6. 0-0 cxd4 7. Nxd4 Bxg2 8. Kxg2 Qc8 9. b3 Qb7+ 10. Kg1 a6 11. Bb2 Be7 12. Nd2 0-0 13. a4 Nc6 14. Nxc6 Qxc6 15. Nf3 Rfd8 16. Rc1 d6 17. b4 Qb7 18. Qb3 Ne4 19. Rfd1 a5 20. b5 Ng5 21. Nxg5 Bxg5 22. f4 Be7 23. Qf3 Qxf3 24. exf3 Kf8 25. Kf1 Rac8 26. Bd4 Rb8 27. Ke2 Bf6 28. Be3 Bb2 29. Rc2 Ba3 30. Bd4 Rdc8 31. Rd3 Bb4 32. Kd1 f6 33. Kc1 Ke7 34. Kb2 Bc5 35. Rcd2 Bxd4+ 36. Rxd4 Rd8 37. Re2 Rbc8 38. Rde4 e5 39. fxe5 dxe5 40. f4 Ke6 41. fxe5 f5 42. Rh4 h6 43. Kc3 Rc5 44. Rd4 Rxd4 45. Kxd4 g5 46. h4 Rc8 47. hxg5 hxg5 48. Rc2 Rd8+ 49. Ke3 Rc8 1/2-1/2

[Event "World University-ch 13th"]
[Site "Katowice"]
[Date "2014.08.23"]
[Round "8"]
[White "Wyss, Jonas"]
[Black "Chen, Peng"]
[Result "0-1"]
[WhiteElo "2276"]
[BlackElo "2198"]
[PlyCount "68"]
[EventDate "2014.08.18"]
[EventType "swiss"]
[EventRounds "9"]
[EventCountry "POL"]
[SourceTitle "CBM 161 Extra"]
[Source "ChessBase"]
[SourceDate "2014.08.29"]
[SourceVersion "1"]
[SourceVersionDate "2014.08.29"]
[SourceQuality "1"]

1. e4 c5 2. Nf3 d6 3. d4 cxd4 4. Nxd4 Nf6 5. Nc3 a6 6. Be3 e6 7. f3 b5 8. Qd2 Nbd7 9. g4 Nb6 10. 0-0-0 Bb7 11. g5 Nfd7 12. Qf2 Rc8 13. h4 Rxc3 14. bxc3 Qc7 15. Nb3 Na4 16. Bd2 d5 17. Rh3 Ba3+ 18. Kb1 0-0 19. exd5 Bxd5 20. f4 Ndb6 21. h5 Rd8 22. g6 Be4 23. gxf7+ Kxf7 24. Re1 Bf5 25. Rg3 Nd5 26. Qg1 g6 27. hxg6+ hxg6 28. Qh1 Kg8 29. Qf3 Nb4 30. Bd3 Nxc3+ 31. Ka1 Rxd3 32. Qa8+ Rd8 33. Rxc3 Qxc3+ 34. Bxc3 Nxc2+ 0-1

[Event "Moscow Dvorkovich Cup U16 4th"]
[Site "Moscow"]
[Date "2009.06.27"]
[Round "13"]
[White "Vardanian, Haik G"]
[Black "Chen, Peng"]
[Result "1-0"]
[WhiteElo "2319"]
[BlackElo "2206"]
[PlyCount "87"]
[EventDate "2009.06.20"]
[EventType "team-tourn"]
[EventRounds "14"]
[EventCountry "RUS"]
[SourceTitle "CBM 131 Extra"]
[Source "ChessBase"]
[SourceDate "2009.09.03"]
[SourceVersion "2"]
[SourceVersionDate "2009.09.16"]
[SourceQuality "1"]

1. e4 c5 2. Ne2 d6 3. g3 Nc6 4. Bg2 g6 5. c3 Bg7 6. d4 cxd4 7. cxd4 Bg4 8. f3 Bd7 9. Nbc3 e5 10. d5 Nd4 11. Be3 Nxe2 12. Qxe2 Ne7 13. 0-0 0-0 14. Nb5 Nc8 15. Rfc1 a6 16. Na3 b5 17. Nc2 a5 18. a4 bxa4 19. Na3 f5 20. Bf2 fxe4 21. fxe4 Bh6 22. Rc2 Rb8 23. Kh1 Rb3 24. Bg1 Qg5 25. Rf1 Rxf1 26. Qxf1 Qd8 27. Bh3 Be3 28. Be6+ Bxe6 29. dxe6 Ne7 30. Qf7+ Kh8 31. Bxe3 Rxe3 32. Qf6+ Kg8 33. Nc4 Re1+ 34. Kg2 Qf8 35. Qxf8+ Kxf8 36. Nxd6 Rd1 37. Rf2+ Kg8 38. Ne8 Kh8 39. Rf8+ Ng8 40. Nf6 Rd2+ 41. Kh3 Kg7 42. Rf7+ Kh6 43. Nxg8+ Kg5 44. e7 1-0